| 000 | 01488nam a2200385 i 4500 | ||
|---|---|---|---|
| 003 | EG-GICUC | ||
| 005 | 20260412095915.0 | ||
| 008 | 260412s1952 ne ||fr|||| 000 0 eng d | ||
| 040 |
_aEG-GiCUC _beng _cEG-GiCUC _dEG-GiCUC _erda |
||
| 041 | _aeng | ||
| 082 | 0 | 4 |
_221 _a341.48 _bPI . G |
| 092 | 0 | 4 | _221 |
| 099 | _aLaw1 11 341.48 PI . G 1952 | ||
| 100 | 1 |
_aPictеt, Jean S _eAuthor. |
|
| 245 | 1 | 0 |
_aGeneva Convention : _bFor The Amelioration Of The Condition Of The Wounded And Sick In Armed Forces In The Field / _cBy Jean S. Pictет; With The Co-operation Of Rear-admiral M. W. Mouton, And Frédéric Siordet, Claude Pilloud, |
| 264 | 1 |
_aGeneva : _bInternational Committee Of The Red Cross _c1952. |
|
| 300 |
_a466 pages : _billustrations, _c24 cm |
||
| 336 |
_2rda content _atext |
||
| 337 |
_2rda media _aComputer |
||
| 338 |
_2rda carrier _aOnline Resource |
||
| 490 |
_aCommentary _vI |
||
| 504 | _aIncludes bibliographical references. | ||
| 504 | _aBibliography: pages 463-466. | ||
| 546 | _aText in English | ||
| 650 | 1 | 4 | _aPublic international law |
| 700 | 1 |
_aMouton, Rear-admiral M. W _eContributor |
|
| 700 | 1 |
_aPilloud, Claude _eContributor |
|
| 700 | 1 |
_aSiordet, Frédéric _eContributor |
|
| 700 | 1 |
_aUhler, Oscar M. _eContributor |
|
| 700 | 1 |
_aWilhelm, René-jean _eContributor |
|
| 700 | 1 |
_aSchoenholze, Jean-pierre _eContributor |
|
| 856 | 4 | 0 | _uhttps://fll.law.cu.edu.eg/fulltext/bks/B11-08886.pdf |
| 905 | _a48 | ||
| 942 |
_2ddc _cBK _e21 _n0 |
||
| 999 |
_c70162 _d70162 |
||